| 000 | 00447nam a22001697a 4500 | ||
|---|---|---|---|
| 005 | 20260203094659.0 | ||
| 008 | 260203b |||||||| |||| 00| 0 eng d | ||
| 020 | _a978-1-260-47395-7 | ||
| 100 | _aGRIPPI, MICHAEL A. | ||
| 245 | _aFISHMAN'SPULMONARY DISEASES AND DISORDERS | ||
| 250 | _a6TH ED | ||
| 260 |
_aNEW YORK _bMCGRAW HILL _c2023 |
||
| 300 | _aXXIX, 1397P. | ||
| 500 | _aINCLUDES INDEX | ||
| 650 | _aLUNG DISEASES | ||
| 942 |
_2lcc _cBK |
||
| 999 |
_c216512 _d216512 |
||